00197 a2200073 450000100060000010000180000624500620002426000370008614858 aKetelbey D.M aA short history of modern Europe from 1789 to present day aOxfordbOxford Claremont pressc